Edison in the boardroom revisited : (Record no. 126663)
[ view plain ]
| 000 -LEADER | |
|---|---|
| campo de control de longitud fija | 02409nam a22003377a 4500 |
| 003 - IDENTIFICADOR DE NÚMERO DE CONTROL | |
| campo de control | BJBSDDR |
| 005 - FECHA Y HORA DE LA ÚLTIMA TRANSACCIÓN | |
| campo de control | 20260325132954.0 |
| 007 - CAMPO FIJO DE DESCRIPCIÓN FÍSICA--INFORMACIÓN GENERAL | |
| campo de control de longitud fija | ta |
| 008 - DATOS DE LONGITUD FIJA--INFORMACIÓN GENERAL | |
| campo de control de longitud fija | 260323s2012 nju||||| |||| 00| 0 eng d |
| 020 ## - NÚMERO INTERNACIONAL ESTÁNDAR DEL LIBRO | |
| Número Internacional Estándar del Libro | 9781118004531 (hardback) |
| 020 ## - NÚMERO INTERNACIONAL ESTÁNDAR DEL LIBRO | |
| Número Internacional Estándar del Libro | 1118004531 (hardback) |
| 040 ## - FUENTE DE CATALOGACIÓN | |
| Lengua de catalogación | eng |
| Centro/agencia transcriptor | DLC |
| 041 ## - CÓDIGO DE IDIOMA | |
| Código de lengua del texto/banda sonora o título independiente | eng |
| 050 14 - SIGNATURA TOPOGRÁFICA DE LA BIBLIOTECA DEL CONGRESO | |
| Número de clasificación | HG 4028 |
| Número de ítem | H322e 2012 |
| 100 1# - ENTRADA PRINCIPAL--NOMBRE DE PERSONA | |
| Nombre de persona | Harrison, Suzanne S |
| 9 (RLIN) | 47634 |
| 245 10 - MENCIÓN DEL TÍTULO | |
| Título | Edison in the boardroom revisited : |
| Resto del título | how leading companies realizevalue from their intellectual assets / |
| Mención de responsabilidad, etc. | Suzanne S. Harrison and Patrick H. Sullivan. |
| 250 ## - MENCION DE EDICION | |
| Mención de edición | Second edition |
| 260 ## - PUBLICACIÓN, DISTRIBUCIÓN, ETC. | |
| Lugar de publicación, distribución, etc. | Hoboken, NJ : |
| Nombre del editor, distribuidor, etc. | John Wiley & Sons, |
| Fecha de publicación, distribución, etc. | 2012 |
| 300 ## - DESCRIPCIÓN FÍSICA | |
| Extensión | xiv, 255 pages : |
| Otras características físicas | illustrations ; |
| Dimensiones | 24 cm |
| 500 ## - NOTA GENERAL | |
| Nota general | Prev. ed. entered under: Davis, Julie L. |
| 520 ## - RESUMEN, ETC. | |
| Sumario, etc. | "A revised and expanded edition of the groundbreaking Edison in the Boardroom, highlighting the winning strategies today's biggest companies use to maximize the value of their intellectual property Now fully revised and expanded, Edison in the Boardroom, Second Edition takes an in-depth look at the revolutionary concept of intellectual asset management (IAM). Incorporating stories and teachings from some of the most successful companies in the world--such as Hewlett-Packard, IBM, Procter & Gamble, Rockwell, Dow, Ford and many others--Harrison and Sullivan have made an exhaustive study of IAM and its implications for today's businesses. Features updated interviews of companies, and a new treatment of the Profit Center LevelUp dates stories and teachings from some of the most successful companies in the world Showcases a hierarchy of best practices that today's companies can integrate into their own business philosophies to gain the best return from their intellectual assets Edison in the Boardroom, Second Edition compiles a wealth of knowledge and successful stories that illustrate how far businesses have come in their ability to leverage and monetize their intellectual assets"-- Provided by publisher. |
| 650 #4 - PUNTO DE ACCESO ADICIONAL DE MATERIA--TÉRMINO DE MATERIA | |
| Término de materia o nombre geográfico como elemento de entrada | Valoración de corporaciones |
| 9 (RLIN) | 47687 |
| 650 #4 - PUNTO DE ACCESO ADICIONAL DE MATERIA--TÉRMINO DE MATERIA | |
| Término de materia o nombre geográfico como elemento de entrada | Corporaciones |
| Subdivisión general | Valoración |
| 9 (RLIN) | 47688 |
| 650 #4 - PUNTO DE ACCESO ADICIONAL DE MATERIA--TÉRMINO DE MATERIA | |
| Término de materia o nombre geográfico como elemento de entrada | Capital Intelectual |
| 9 (RLIN) | 10076 |
| 650 #4 - PUNTO DE ACCESO ADICIONAL DE MATERIA--TÉRMINO DE MATERIA | |
| Término de materia o nombre geográfico como elemento de entrada | Investigación industrial |
| Subdivisión general | Aspectos económicos |
| 9 (RLIN) | 47689 |
| 650 #4 - PUNTO DE ACCESO ADICIONAL DE MATERIA--TÉRMINO DE MATERIA | |
| Término de materia o nombre geográfico como elemento de entrada | Innovaciones tecnológicas |
| Subdivisión general | Aspectos económicos |
| 9 (RLIN) | 1708 |
| 700 1# - ENTRADA AGREGADA--NOMBRE PERSONAL | |
| Nombre de persona | Sullivan, Patrick H |
| 9 (RLIN) | 47635 |
| 700 1# - ENTRADA AGREGADA--NOMBRE PERSONAL | |
| Nombre de persona | Davis, Julie L. |
| 9 (RLIN) | 47690 |
| 942 ## - ELEMENTOS DE ENTRADA SECUNDARIOS (KOHA) | |
| Fuente del sistema de clasificación o colocación | Clasificación de Library of Congress |
| Tipo de ítem Koha | Libro |
| 946 ## - PROCESAMIENTO DE INFORMACIÓN LOCAL (OCLC) | |
| Iniciales del agente catalogador | cmc |
| Estatus retirado | Estado de pérdida | Fuente del sistema de clasificación o colocación | Estado de daño | No para préstamo | Colección | Biblioteca de origen | Biblioteca actual | Ubicación en estantería | Fecha de adquisición | Signatura topográfica completa | Código de barras | Visto por última vez | Copia número | Tipo de ítem Koha |
|---|---|---|---|---|---|---|---|---|---|---|---|---|---|---|
| Clasificación de Library of Congress | Ciencias Sociales | Biblioteca Juan Bosch | Biblioteca Juan Bosch | Ciencias Sociales (3er. Piso) | 23/03/2026 | HG 4028 H322e 2012 | 00000198871 | 23/03/2026 | 1 | Libro |
